|
|
|
|
| LEADER |
00000cam a2200000 7i4500 |
| 001 |
0000002981 |
| 005 |
20240912.0 |
| 008 |
240611 ilu eng |
| 020 |
|
|
|a 0884629821 (paperback)
|
| 040 |
|
|
|a INS
|b eng
|e rda
|
| 090 |
0 |
0 |
|a RHD1387
|b .F54 1990
|
| 100 |
1 |
|
|a Fisher, Jeffrey D. ,
|e author
|
| 245 |
1 |
0 |
|a Questions and answers to help you pass the appraisal certification exams :
|b over 1000 questions, answers, and explanations, glossary of key appraisal terms, includes both residential and income property
|c Jeffrey D. Fisher, Dennis S. Tosh
|
| 264 |
|
1 |
|a Chicago :
|b Real Estate Education Company
|c 1990
|
| 264 |
|
4 |
|c ©1990
|
| 300 |
|
|
|a v, 258 pages ;
|c 28 cm.
|
| 336 |
|
|
|a text
|2 rdacontent
|
| 337 |
|
|
|a unmediated
|2 rdamedia
|
| 338 |
|
|
|a volume
|2 rdacarrier
|
| 650 |
|
0 |
|a Real property
|x Valuation
|x Examinations, questions, etc.
|
| 700 |
1 |
|
|a Tosh, Dennis S. ,
|e author
|
| 999 |
|
|
|a 0000004164
|b BOOK
|c Red Spot
|e Default branch
|
| 999 |
|
|
|a 0000023872
|b BOOK
|c Red Spot
|e Default branch
|